| 000 | 00937nam a22002777a 4500 | ||
|---|---|---|---|
| 999 |
_c10341 _d10341 |
||
| 003 | EG-ScBUE | ||
| 005 | 20210205113418.0 | ||
| 008 | 090114s2005 ua f 000 e ara d | ||
| 017 | _a1989/8702 | ||
| 020 | _a977148351X | ||
| 040 |
_aEG-ScBUE _bara _erda _cEG-ScBUE _dEG-ScBUE |
||
| 082 | 0 | 4 |
_a892.746 _bم ن ص _221 |
| 100 | 1 |
_aمنصور، أنيس، _d1924-2011، _eمؤلف. |
|
| 245 | 1 | 0 |
_aالذين هبطوا من السماء / _cأنيس منصور. |
| 250 | _aالطبعة الحادية والعشرون. | ||
| 264 | 1 |
_aالقاهرة : _bدار الشروق، _c2005. |
|
| 300 |
_a228 صفحة ؛ _c15 سم |
||
| 336 |
_2rdacontent _aنص _btxt |
||
| 337 |
_2rdamedia _aبدون وسيط _bn |
||
| 338 |
_2rdacarrier _aمجلد _bnc |
||
| 650 | 7 |
_aالمقالات العربية _zمصر _yقرن 20. _2BUEsh |
|
| 651 | _2BUEsh | ||
| 653 |
_bARALIT _cFebruary2021 |
||
| 655 |
_vReading book _934232 |
||
| 942 |
_2ddc _cBB |
||